The New Scooby-Doo Movies Guest Stars - Statistics

General Stats
  • This quiz has been taken 61 times
  • The average score is 15 of 24
Answer Stats
Picture Answer % Correct
Batman & Robin
100%
Batman & Robin
100%
The Addams Family
92%
Three Stooges
83%
Three Stooges
83%
Harlem Globetrotters
75%
Harlem Globetrotters
75%
Harlem Globetrotters
75%
Sonny & Cher
71%
Don Knotts
67%
Don Knotts
67%
Josie and the Pussycats
67%
Speed Buggy
67%
Don Adams
54%
Laurel & Hardy
54%
Davy Jones
50%
Dick Van Dyke
50%
Cass Elliot
46%
Phyllis Diller
46%
Sandy Duncan
46%
Jeannie
42%
Tim Conway
42%
Jerry Reed
38%
`Jonathan Winters
38%
No matching quizzes found
Score Distribution
Percent of People with Each Score
Percentile by Number Answered
Your Score History
You have not taken this quiz